000 00475nam a2200181Ia 4500
005 20250508154642.0
008 008 250505s9999 xx 000 0 eng d
037 _aTextual
040 _aFEDL
_beng
_cFEDL
041 _aeng
_2eng
084 _aB, KAU
_qFEDL
100 _aKaul B M
245 0 _aUntold story
260 _aBombay, India
_bAllied Publishers Private Limited
_c1967
300 _axi,507p.
942 _cTEXL
_hB, KAU
999 _c1351413
_d1351413